Statistiques concernant Personnages de fiction par couleur - Brun

Cliquez ici pour prendre le quiz!

Statistiques générales

  • Ce quiz a été pris 319 fois
  • Le résultat moyen est 10 sur 20

Statistiques - réponses

Réponse% Correct
E.T.
95%
Groot
95%
Chewbacca
88%
Paddington
84%
Ted
84%
Manny
81%
Taz
78%
Choixpeau
72%
Diddy Kong
59%
Freddy Fazbear
52%
Simularbre
42%
Pil Poil
40%
Alf
38%
Banjo
23%
Spip
18%
Cousin Machin
15%
Capitaine Caverne
12%
Dieu Sylvestre
9%
Yogi
9%
Mr Hankey
7%

Distribution des résultats

Percentile par nombre de réponses

% des personnes avec chaque résultat

Votre développement - résultats

Vous n’avez pas pris ce quiz